| 000 -LEADER |
| fixed length control field |
00450 a2200145 4500 |
| 003 - CONTROL NUMBER IDENTIFIER |
| control field |
OSt |
| 005 - DATE AND TIME OF LATEST TRANSACTION |
| control field |
20240111171436.0 |
| 008 - FIXED-LENGTH DATA ELEMENTS--GENERAL INFORMATION |
| fixed length control field |
240111b ||||| |||| 00| 0 eng d |
| 020 ## - INTERNATIONAL STANDARD BOOK NUMBER |
| International Standard Book Number |
97875609878041 |
| 082 ## - DEWEY DECIMAL CLASSIFICATION NUMBER |
| Classification number |
725 |
| 100 ## - MAIN ENTRY--PERSONAL NAME |
| Personal name |
Li Xia Song |
| 245 ## - TITLE STATEMENT |
| Title |
Commercial Buildings Aesthetics : Design Analysis of Commercial Districts & Commercial Buildings Tankobon |
| 260 ## - PUBLICATION, DISTRIBUTION, ETC. (IMPRINT) |
| Name of publisher, distributor, etc |
Huazhong University of Science and Technology Press |
| Date of publication, distribution, etc |
2015 |
| 942 ## - ADDED ENTRY ELEMENTS (KOHA) |
| Source of classification or shelving scheme |
|